Ôsme rokovanie troch krajín o výžive v Berlíne.

Informácia o Drei-Länder-Tagung v Berlíne za účasti SRN, Rakúska a Švajčiarska v dňoch 17. a 18. sept. 1992 o pravých a zabrániteľných rizikách výživy, diskutovaných v piatich tematických okruhoch.

Guardado en:
Detalles Bibliográficos
Autor principal: Strmiska, František
Otros Autores: Borovská, E.
Formato: Capítulo de libro
Lenguaje:eslovaco
Materias:
Etiquetas: Agregar Etiqueta
Sin Etiquetas, Sea el primero en etiquetar este registro!

MARC

LEADER 00000naa a2200000 4500
001 r012851
005 20221213123737.9
041 0 |a slo 
044 |a SK 
245 1 0 |a Ôsme rokovanie troch krajín o výžive v Berlíne.  |c František Strmiska, E. Borovská 
520 |a Informácia o Drei-Länder-Tagung v Berlíne za účasti SRN, Rakúska a Švajčiarska v dňoch 17. a 18. sept. 1992 o pravých a zabrániteľných rizikách výživy, diskutovaných v piatich tematických okruhoch. 
610 2 0 |a výživa 
610 2 0 |a konferencie 
610 2 0 |a Berlín 
610 2 0 |a 1992 
610 2 0 |a zdravie 
100 1 |a Strmiska, František 
700 1 |a Borovská, E.